Buñuel, Dreyer, Welles

Gorde:
Xehetasun bibliografikoak
Egile Nagusiak: Bazin, André (Egilea), Delahaye, Michel (Egilea), Bitsch, Charles (Egilea), Daniol-Valcroze, Jacques (Egilea), Domarchi, Jean (Egilea)
Formatua: Liburua
Hizkuntza:gaztelania
Argitaratua: Madrid Fundamentos 1991
Saila:Fundamentos, 4
Gaiak:
Etiketak: Etiketa erantsi
Etiketarik gabe, Izan zaitez lehena erregistro honi etiketa jartzen!

MARC

LEADER 00000nam a2200000 a 4500
001 UCY5897
003 CL-VaPUC
008 950521e19910000SP |||||||||||||||||spa|d
082 0 4 |a 791.4309  |b BAZ  |2 21 
100 |a Bazin, André  |e author  |9 594214 
700 0 |a Delahaye, Michel  |e author  |9 335313 
700 0 |a Bitsch, Charles  |e author  |9 335314 
700 0 |a Daniol-Valcroze, Jacques  |e author  |9 335315 
700 0 |a Domarchi, Jean  |e author  |9 335316 
245 1 0 |a Buñuel, Dreyer, Welles 
300 |a 110 p 
942 |c BK 
945 |d 19950521 00:00:00  |a aalvarez 
260 |a Madrid  |b Fundamentos  |c 1991 
600 0 7 |a BUÑUEL, LUIS  |2 CL-VaPUC  |9 266483 
600 0 |a DREYER, CARL THEODOR  |9 450597 
600 0 7 |a WELLES, ORSON  |2 CL-VaPUC  |9 335318 
650 0 |a Cine  |9 225706 
650 7 |a PRODUCTORES  |2 CL-VaPUC  |9 335319 
650 0 |a Entrevistas  |9 265537 
650 0 |a Cineastas  |9 335320 
583 |a last modification  |c 19950521 00:00:00  |k Rodrigo Vera 
490 0 |a Fundamentos, 4 
999 |c 233502  |d 233500 
952 |0 0  |1 0  |4 0  |6 791_430900000000000_BAZ_1991  |7 0  |8 R  |9 239081  |a BIBART  |b BIBART  |d 2019-11-18  |i 308048K  |o 791.4309 BAZ 1991  |p 308048K  |r 2025-03-13  |w 2019-11-18  |y BK_R  |k ART